LDR 00992naa#a2200181#i#450# 001 RU\\bibl\121266 005 20260502082215.6 011 ## _a1994-4683 100 ## _a20230803b2023####ek#y0rusy0150####ca 102 ## _aRU 200 1# _aЭВОЛЮЦИЯ ПРОГРАММНОГО ОБЕСПЕЧЕНИЯ СОРЕВНОВАНИЙ ПО АРМРЕСТЛИНГУ _eЖурнальная статья 210 1# _aМосква _cНациональный государственный Университет физической культуры, спорта и здоровья им. П.Ф. Лесгафта _d2023 215 ## _a4 с. 608 ## _aЖурнальная статья _2local 675 ## _aОбщие вопросы организации. Регулирование.Положения. Формальности. Спортивная деятельность, например судейство. 796.06 _z 700 #1 _aГринев _gИ В 700 #1 _aПетров _gА А 856 4# _auchzapiski.lesgaft.spb.ru _u